El científico /

Furkejuvvon:
Bibliográfalaš dieđut
Váldodahkki: Margenau, Henry (autor)
Eará dahkkit: Bergamini, David (autor) (autor), Seitz, Frederick (introducción) (introducción)
Materiálatiipa: Girji
Giella:espánnjágiella
Almmustuhtton: México : Ediciones Culturales Internacionales, 1989, c1989
Preanttus:2a edición
Ráidu:(Colección Científica de Time-Life)
Fáttát:
Fáddágilkorat: Lasit fáddágilkoriid
Eai fáddágilkorat, Lasit vuosttaš fáddágilkora!

MARC

LEADER 00000nam^a2200000^a^4500
001 000277058
005 20250521000000.0
009 20260310111323.034
037 |a Acervo Xavier Clavigero 
041 |a ESP 
082 |a 500.  |b TIM V. 18 
100 |a Margenau, Henry  |e (autor) 
245 1 3 |a El científico /  |c H. Margenau, D. Bergamini ; introd. de F. Seitz ; tr. por E.S. Bosch. 
250 |a 2a edición 
264 4 |a México :  |b Ediciones Culturales Internacionales,  |c 1989, c1989 
300 |a 192 p. 
336 |a texto  |b txt  |2 rdacontenido 
337 |a sin mediación  |b n  |2 rdamedio 
338 |a volumen  |b nc  |2 rdasoporte 
440 1 |a (Colección Científica de Time-Life) 
500 |a Traducción de: The Scientist 
649 |a XX 
650 |a Científicos -  |x Tema Principal 
650 |a Descubrimientos Científicos 
650 |a Ciencia -  |x Metodología 
650 |a Ciencia -  |x Generalidades 
700 |a Bergamini, David  |e (autor) 
700 |a Seitz, Frederick  |e (introducción) 
910 |a Fondo General 
920 |a Impresos - Libros 
930 |a Obras de Referencia 
905 |a 102 
901 |a 022158  |b IT2  |c REF  |u 20250521 
902 |a https://opac.biblio.iteso.mx/vufind/Record/000277058